LA OTRA SOCIEDAD /

TRADUCCION DE: THE OTHER SOCIETY

Guardado en:
Detalles Bibliográficos
Autor principal: Darin-Drabkin, H. (autor)
Otros autores: Torner, Florentino M. (traducción) (traducción)
Formato: Libro
Temas:
Etiquetas: Agrega una etiqueta
Sin etiquetas, Sé el primero en etiquetar este registro!

MARC

LEADER 00000nam^a2200000^a^4500
001 000236890
005 20250521000000.0
009 20260310104913.099
035 |a 022011 
037 |a Acervo Xavier Clavigero 
082 |a 307. 776  |b DAR 
100 |a Darin-Drabkin, H.  |e (autor) 
245 1 3 |a LA OTRA SOCIEDAD /  |c H. DARIN-DRABKIN; TR. FLORENTINO M. TORNER 
264 |a MEXICO :  |b FONDO DE CULTURA ECONOMICA,  |c 1968 
300 |a 411 p. 
336 |a texto  |b txt  |2 rdacontenido 
337 |a sin mediación  |b n  |2 rdamedio 
338 |a volumen  |b nc  |2 rdasoporte 
520 |a TRADUCCION DE: THE OTHER SOCIETY 
520 |a INCLUYE BIBLIOGRAFIA E INDICE 
649 |a XX 
650 |a Kibbutz 
650 |a Israel -  |x Condiciones Sociales y Culturales 
700 |a Torner, Florentino M.  |e (traducción) 
910 |a Fondo General 
920 |a Impresos - Libros 
930 |a Colección General 
905 |a 101 
901 |a 022011  |b IT1  |c ACC  |i 022011  |u 20250521 
901 |a 054757  |b IT1  |c ACC  |i 054757  |u 20250521 
902 |a https://opac.biblio.iteso.mx/vufind/Record/000236890